Funkce komplexní proměnné

Bibliographic Details
Main Author: Jevgrafov, M. A. (Author)
Format: Book
Language:Undetermined
PhysicalDescription:379 s.
Published: Praha Státní nakladatelství technické literatury 1981

MARC

LEADER 00000nam a2200000 a 4500
001 vtls001388328
003 SK-MaSNL
005 20260301071350.0
008 240314s1981 xx 0 und
035 |a SNK000342553 
040 |a SNK  |b slo  |c SNK  |e AACR2 
100 1 |a Jevgrafov, M. A.  |4 aut  |9 389037 
245 1 0 |a Funkce komplexní proměnné 
260 |a Praha  |b Státní nakladatelství technické literatury  |c 1981 
300 |a 379 s. 
958 |a OND 
999 |c 637553  |d 639483 
952 |t P60, <04>, [BOOK], {604}  |a SNK  |b SNK  |y VYP  |7 0  |p 17A0238428  |o snkIC 86760 D1  |0 0  |1 1  |4 0  |d 2000-05-06  |l 0  |r 2005-01-02 00:00:00  |w 2026-02-23 
952 |t P60, <04>, [BOOK], {604}  |a SNK  |b SNK  |y VYP  |7 0  |p 17A0383648  |o snkIC 86760  |i snkKIP 933/82  |0 0  |1 0  |4 0  |d 2003-05-17  |l 0  |r 2005-01-02 00:00:00  |w 2026-02-23